Trouve le nom de neuille mort subit - Statistiques

Statistiques générales
  • Ce quiz a été pris 112 fois
  • Le résultat moyen est 2 sur 10
Answers on the Grid
Answers color-coded by a green-red scale on the quiz's grid according to % correct below.
Nohann
Adam
Stéphane
Anthony
Sarah
Amélie
Axel
Mathys
Massy
Laure
Milann
Athanase
Michel
Kaan
Charles-Henry
Thierry
Henry
 
Statistiques - réponses
Réponse % Correct
Nohann
53%
Charles-Henry
47%
Athanase
32%
Michel
21%
Milann
15%
Thierry
15%
Sarah
12%
Anthony
9%
Amélie
0%
Laure
0%
Aucun quiz correspondant
Distribution des résultats
% des personnes avec chaque résultat
Percentile par nombre de réponses
Votre historique - résultats
Vous n’avez pas pris ce quiz